Cuerpos escolarizados : (Record no. 9014)
[ view plain ]
| 000 -LEADER | |
|---|---|
| fixed length control field | 00971nam a22002297a 4500 |
| 005 - DATE AND TIME OF LATEST TRANSACTION | |
| control field | 20230809174328.0 |
| 007 - PHYSICAL DESCRIPTION FIXED FIELD--GENERAL INFORMATION | |
| fixed length control field | cr |
| 008 - FIXED-LENGTH DATA ELEMENTS--GENERAL INFORMATION | |
| fixed length control field | 230804b ||||| |||| 00| 0 spa d |
| 100 1# - MAIN ENTRY--PERSONAL NAME | |
| 9 (RLIN) | 17721 |
| Personal name | Theumer, Emmanuel |
| 245 10 - TITLE STATEMENT | |
| Title | Cuerpos escolarizados : |
| Remainder of title | pensar los embates de la integración desde la educación genérico-sexual / |
| Statement of responsibility, etc | Emmanuel Theumer y María Remedios García Muñoz |
| 260 ## - PUBLICATION, DISTRIBUTION, ETC. (IMPRINT) | |
| Place of publication, distribution, etc | Santa Fé: |
| Name of publisher, distributor, etc | Universidad Nacional del Litoral, |
| Date of publication, distribution, etc | 2011 |
| 300 ## - PHYSICAL DESCRIPTION | |
| Extent | 12 p. |
| 500 ## - GENERAL NOTE | |
| General note | Semana de la Integración del 9 al 12 de Mayo de 2011 |
| 650 24 - SUBJECT ADDED ENTRY--TOPICAL TERM | |
| 9 (RLIN) | 7813 |
| Topical term or geographic name as entry element | CUERPO |
| 650 27 - SUBJECT ADDED ENTRY--TOPICAL TERM | |
| 9 (RLIN) | 3409 |
| Topical term or geographic name as entry element | ESCUELA |
| Source of heading or term | unescot |
| 650 20 - SUBJECT ADDED ENTRY--TOPICAL TERM | |
| Source of heading or term | unescot |
| 9 (RLIN) | 5394 |
| Topical term or geographic name as entry element | GENERO |
| 700 1# - ADDED ENTRY--PERSONAL NAME | |
| 9 (RLIN) | 17722 |
| Personal name | García Muñoz, María Remedios |
| 710 1# - ADDED ENTRY--CORPORATE NAME | |
| 9 (RLIN) | 17723 |
| Corporate name or jurisdiction name as entry element | Congreso Internacional de la Red de Integración Latinoamericana |
| Date of meeting or treaty signing | 1° |
| 856 ## - ELECTRONIC LOCATION AND ACCESS | |
| Uniform Resource Identifier | <a href="https://www.uncuyo.edu.ar/relacionesinternacionales/upload/redilaeje15.pdf">https://www.uncuyo.edu.ar/relacionesinternacionales/upload/redilaeje15.pdf</a> |
| 942 ## - ADDED ENTRY ELEMENTS (KOHA) | |
| Source of classification or shelving scheme | Dewey Decimal Classification |
| Item type | Libro electrónico |
| 980 ## - EQUIVALENCE OR CROSS-REFERENCE-SERIES STATEMENT--PERSONAL NAME/TITLE [LOCAL, CANADA] | |
| Linkage | 19226 |
| Personal name | Palazón Marcela I. |
| Field link and sequence number | 19226 |
| Miscellaneous information | Palazón Marcela I. |
| Withdrawn status | Lost status | Source of classification or shelving scheme | Damaged status | Not for loan | Collection code | Home library | Current library | Date acquired | Date last seen | Uniform Resource Identifier | Price effective from | Koha item type |
|---|---|---|---|---|---|---|---|---|---|---|---|---|
| Dewey Decimal Classification | Acceso en línea | Recursos en Línea | Biblioteca Central | Biblioteca Central | 09/08/2023 | 09/08/2023 | https://www.uncuyo.edu.ar/relacionesinternacionales/upload/redilaeje15.pdf | 09/08/2023 | Libro electrónico |